Quizzes
Events
Quiz Creation
Community
Videos
Private Events
Remove Ads
Sign In
Join for FREE
Feedback
Dark Mode
Quiz Categories
Sports
Geography
Music
Movies
Television
Just For Fun
Miscellaneous
History
Literature
Language
Science
Gaming
Entertainment
Religion
Holiday
For Kids
Quiz Lab
Recent
Popular Today
Quiz Kudos Today
Editor Picks
Curator Picks
Quizzes by...
Day
Popularity
Type
Ratings
Length
Year
Community
Subscriptions
Recent Discussions
Orange Saloon
Badges
Playlists
Quests
Create
Leaderboards
Showdown
Live 5
Trivia Bingo
Activity
Puzzle Library
Sporcle Events
Private Events
Virtual Trivia
Globe League
Become a Host
Pub Owners
SporcleCon
Opinionation
Our Games
Videos
Blog
Mobile Apps
Partnerships
Remove Ads and Go Orange
Feedback
Literature
Harry Potter
A Song of Ice and Fire
The Hunger Games
Literary Character
Shakespeare
Book
Author
Novel
Poem
Young Adult
Children's Books
Play
Lord of the Rings
Literature
Harry Potter
A Song of Ice and Fire
The Hunger Games
Literary Character
Shakespeare
Book
Author
Novel
Poem
Young Adult
Children's Books
Play
Lord of the Rings
Random Quiz
Search Sporcle
×
Quiz Lab
Quiz Lab
Literature
Letter
Type in answers that appear in a list
Type in answers that appear in a list
Classic
Best Score? Go Orange.
Harry potter A-Z Stats
Can you name the harry potter trivia?
By
claire00
3m
26 Questions
9,213 Plays
9,213 Plays
9,213 Plays
Comments
Comments
Give Quiz Kudos
Give Quiz Kudos
-
- Ratings
hide this ad
Forced Order
Answers have to be entered in order
Answers have to be entered in order
Replay
Link that replays current quiz
Next Quiz
Link to next quiz in quiz playlist
You Got
0%
They Got
Avg Score
76%
Avg Friend Score
Upgrade to see
Score Distribution
Jump to the score distribution portion of the page
Score
0/26
Timer
03:00
0
Plays Today
hint
answer
% Correct
The headmaster through books 1-
6
Albus
98.7%
Hermiones pet cat
Crookshanks
95.4%
The monster within the chamber
Basilisk
95%
The main character
Harry
94.4%
Harry's father
James
93.1%
Trelawney's subject
Divination
92.8%
Gryffindor's ghost
Nearly Headless Nick
90.8%
Wandmaker
Ollivander
88.5%
Potions Master books 1-
5
Snape
88.3%
A popular wizarding game
Quidditch
87.2%
A girl ron dated in the 6th book
Lavender
86.5%
The Weasleys owl
Errol
86.3%
D.A.D.A teacher in the 5th book
Umbridge
84.5%
hint
answer
% Correct
The Hogwarts poltergeist
Peeves
84.5%
One of the chasers on the Gryffindor quidditch team
Katie
82.4%
An evil wizard who Dumbledore defeated
Grindelwald
74.8%
Levitating spell
Wingardium leviosa
69.3%
Luna's father
Xenophilius
66%
Marvolo Gaunt's daughter
Merope
64.2%
The Bertie Botts Every Flavour Bean flavour Dumbledore thought he was going to eat but ended up eating an earwax flavour (1st movie)
Toffee
60.5%
Truth potion
Veritaserum
58.6%
One of the Peverell brothers
Ignotus
57.3%
Deatheater working in the ministry who harry punched in the 7th book
Yaxley
56.3%
Or yet in wise old_
_
_
_
_
_
_
_
_
_
,If you've a steady mind,Where those of wit and learning,Where those of wit and learning,Will always find their kind.
Ravenclaw
55.9%
The Icecream Man _
_
_
_
_
_
_
_
_
Fortescue
Florean
45.7%
A Hufflepuff Quidditch player who was in the DA
Zacharias
42.1%
Quiz Playlist
Details
Report
Send in Message
Add To Playlist
Classic:
Type in answers that appear in a list
Forced Order:
Answers have to be entered in order
Last Updated: Mar 24, 2017
Quiz Scoreboard
CHALLENGE
Sign Up to Join the Scoreboard
Show All
Scores
Hide
Comments
May contain spoilers
Recently Published
Presidents Visiting Landmarks
by Hejman
History
7m
An Introduction to Baseball
by treessimontrees
Sports
5m
Movies - When Are They Set?
by FPL_Elf
Movies
5m
More to Explore
Quiz From the Vault
Featured Blog Post
Where Did the Easter Bunny Come From?
hide this ad
You Might Also Like...
Tags
Harry Potter Quiz
Letter Quiz
A-Z
Today's Top Quizzes in Literature
Browse Literature
hide this ad
Today's Top Quizzes in Letter
Browse Letter
Top Contributed Quizzes in Literature
1
Sneaky Slytherin Logic Puzzle
2
Get The Picture: Black or White Literature
3
A Court of Thorns and Roses (ACoTaR) Logic Puzzle
4
5-to-1: Plays
5
One Thing in Common: Literature
6
One Thing in Common: Literature 3
7
One Thing in Common: Literature II
8
Harry Potter Neighbourly Logic Puzzle #5
9
One Thing in Common: Books
10
Harry Potter Neighbourly Logic Puzzle #6
Explore More
Trending Topics
NBA
Disney
Harry Potter
Kpop
Anime
Crossword
Marvel
The Office
NFL
Puzzle
Song
WWE
Soccer
Country
Pokémon
hide this ad
More By:
claire00
Quiz
Plays
Rating
Category
Featured
Created
Who Said It, Harry Potter (Movies)
17,499
3.03
Movies
Dec 6, 2009
harry potter A-Z
9,213
3.50
Literature
Dec 6, 2009
harry potter quotes from second movie
847
2.40
Movies
Dec 7, 2009
TV shows fill in the blanks
47
1.00
Television
Nov 12, 2013
Go to Creator's Profile
Score Distribution
Quiz Creator Spotlight
claire00
Follow
Send a Message
Quizzes Created
-
Created Quiz Play Count
-
More By This Creator
Popular Quizzes Today
1
Find the US States - No Outlines Minefield
2
Find the Countries of Europe - No Outlines Minefield
3
The Countries of the World
4
Find the US States
5
Popular People in 1961
6
US States
7
Risky Map Clicking: Biggest States A-Z
8
Movies - When Are They Set?
More Literature Quizzes
Frodo Baggins, This Is Your Life
Editor's Pick
Trending Quizzes
Risky Map Clicking: Least Populous States A-Z
1-10 Letter G Words
1-10 Letter F Words
Risky Map Clicking: Next State Alphabetically
Risky Map Clicking: Biggest States A-Z
Recently Updated
Leaping Animals
pecheneg
Reality TV Shows (A-Z)
bhenderson79
Rickey Henderson's Hall of Fame Teammates
pecheneg
Champions League XIs: Arsenal
pecheneg
Quick Pick: Celebrities in WWE's Hall of Fame
aduchscher
A-Z Keypad Blitz II
pecheneg
Multiple Oscar Actors
pecheneg
Mystery Phrase Blitz: Oscar 'Best Actors'
pecheneg
F. Scott Fitzgerald Novels
LTH
Pick 3 Villains
ddd62291
Trending Topics
Marvel
NBA
Kpop
Crossword
Harry Potter
Anime
Disney
NFL
Song
The Office
WWE
Soccer
Puzzle
Pokémon
Country
Your Account Isn't Verified!
In order to create a playlist on Sporcle, you need to verify the email address you used during registration. Go to your
Sporcle Settings
to finish the process.
Report this User
Report this user for behavior that violates our
Community Guidelines
.
Details:
Send Report
Go to the Sporcle.com Mobile Site →
Comments